埼玉県の戦前市制・町制 - Statistics

General Stats
  • This quiz has been taken 123 times
  • The average score is 50 of 63
Answer Stats
施行日 施行内容 所属郡 回答 % Correct
1922.12.01 市制 (市) 川越市
99%
1940.11.03 市制 (市) 大宮市
97%
1933.04.01 市制 (市) 熊谷市
96%
1933.04.01 市制 (市) 川口市
96%
1934.02.11 市制 (市) 浦和市
96%
1889.04.01 町制 北足立郡 与野町
94%
1889.04.01 町制 入間郡 所沢町
94%
1889.04.01 町制 榛沢郡 深谷町
94%
1889.04.01 町制 南埼玉郡 越ヶ谷町
94%
1889.04.01 町制 北足立郡 蕨町
91%
1889.04.01 町制 北足立郡 川口町
91%
1889.04.01 町制 北足立郡 草加町
91%
1889.04.01 町制 比企郡 小川町
91%
1889.04.01 町制 秩父郡 大宮町
91%
1889.04.01 町制 児玉郡 本庄町
91%
1889.04.01 町制 南埼玉郡 久喜町
91%
1889.04.01 町制 北足立郡 浦和町
90%
1889.04.01 町制 北足立郡 大宮町
90%
1889.04.01 町制 北足立郡 上尾町
90%
1889.04.01 町制 入間郡 川越町
90%
1889.04.01 町制 北埼玉郡 加須町
90%
1941.06.01 町制 北足立郡 戸田町
90%
1889.04.01 町制 北足立郡 鴻巣町
88%
1889.04.01 町制 比企郡 松山町
88%
1932.05.01 町制 北足立郡 朝霞町
88%
1889.04.01 町制 新座郡 志木町
87%
1889.04.01 町制 高麗郡 飯能町
87%
1889.04.01 町制 大里郡 熊谷町
87%
1889.04.01 町制 南埼玉郡 岩槻町
87%
1889.04.01 町制 南埼玉郡 粕壁町
85%
1889.04.01 町制 北足立郡 鳩ヶ谷町
84%
1889.04.01 町制 北埼玉郡 羽生町
84%
1889.04.01 町制 北埼玉郡 忍町
82%
1889.04.01 町制 北葛飾郡 栗橋町
82%
1896.12.10 町制 入間郡 坂戸町
82%
1889.04.01 町制 北足立郡 桶川町
81%
1889.04.01 町制 秩父郡 小鹿野町
81%
1889.04.01 町制 榛沢郡 寄居町
81%
1889.04.01 町制 北葛飾郡 杉戸町
81%
1889.04.01 町制 北葛飾郡 幸手町
79%
1934.10.01 町制 南埼玉郡 蓮田町
79%
1928.11.01 町制 秩父郡 皆野町
78%
1915.11.01 町制 北葛飾郡 吉川町
76%
1889.04.01 町制 児玉郡 児玉町
75%
1889.04.01 町制 入間郡 越生町
70%
1934.04.29 町制 北足立郡 吹上町
70%
1943.04.01 町制 北足立郡 大和町
70%
1891.08.14 町制 入間郡 入間川町
66%
1889.04.01 町制 南埼玉郡 菖蒲町
64%
1933.04.17 町制 南埼玉郡 鷲宮町
64%
1889.04.01 町制 北埼玉郡 騎西町
63%
1913.04.01 町制 大里郡 妻沼町
63%
1889.04.01 町制 新座郡 大和田町
61%
1889.04.01 町制 入間郡 豊岡町
61%
1940.02.15 町制 秩父郡 野上町
60%
1889.04.01 町制 北足立郡 原市町
58%
1939.04.01 町制 入間郡 毛呂山町
58%
1928.11.10 町制 秩父郡 吉田町
55%
1938.07.01 町制 北足立郡 六辻町
49%
1940.11.23 町制 北足立郡 谷塚町
49%
1889.04.01 町制 南埼玉郡 大沢町
48%
1928.11.01 町制 北足立郡 平方町
43%
1928.11.01 町制 北埼玉郡 不動岡町
40%
No matching quizzes found
Score Distribution
Percent of People with Each Score
Percentile by Number Answered
Your Score History
You have not taken this quiz